书目信息 |
| 题名: |
澳大利亚语言与文化
|
|
| 作者: | 杜学增 著 | |
| 分册: | ||
| 出版信息: | 北京 外语教学与研究出版社 2000.09 |
|
| 页数: | 238页 | |
| 开本: | 21cm | |
| 丛书名: | ||
| 单 册: | ||
| 中图分类: | H84 , H84 | |
| 科图分类: | ||
| 主题词: | 英语--澳大利亚--研究 , 语言--关系--文化--研究--澳大利亚 , 英语 , 语言 , 大洋洲语言 | |
| 电子资源: | ||
| ISBN: | 7-5600-1998-6 | |
| 000 | 00754nam0 2200277 45 | |
| 001 | 012003000000 | |
| 005 | 20041203101816.56 | |
| 010 | @a7-5600-1998-6@dCNY 9.90 | |
| 100 | @a20031222d2000 ekmy0chiy0121 ea | |
| 101 | 0 | @achi |
| 102 | @aCN@b110000 | |
| 105 | @ay z 000yy | |
| 200 | 1 | @a澳大利亚语言与文化@Aao da li ya yu yan yu wen hua@f杜学增著 |
| 210 | @a北京@c外语教学与研究出版社@d2000.09 | |
| 215 | @a238页@d21cm | |
| 320 | @a本书附参考书目(第236-238页) | |
| 606 | 0 | @a英语@y澳大利亚@x研究 |
| 606 | 0 | @a语言@x关系@x文化@x研究@y澳大利亚 |
| 606 | 0 | @a英语 |
| 606 | 0 | @a语言 |
| 606 | 0 | @a大洋洲语言 |
| 690 | @aH84@v4 | |
| 690 | @aH84@v3 | |
| 701 | 0 | @a杜学增@Adu xue zeng@4著 |
| 801 | 0 | @aCN@bQSSKf@c20041203 |
| 905 | @dH84@eD879 | |
| 澳大利亚语言与文化/杜学增著.-北京:外语教学与研究出版社,2000.09 |
| 238页;21cm |
| ISBN 7-5600-1998-6:CNY 9.90 |
| ● |
| 相关链接 |
|
|
|
正题名:澳大利亚语言与文化
索取号:H84/D879
 
预约/预借
| 序号 | 登录号 | 条形码 | 馆藏地/架位号 | 状态 | 备注 |
| 1 | 388085 | 203880853 | 语言库209/209语言库 138排2列5层/ [索取号:H84/D879] | 在馆 | |
| 2 | 388086 | 203880862 | 语言库209/209语言库 138排2列5层/ [索取号:H84/D879] | 在馆 | |
| 3 | 388087 | 203880871 | 语言库209/209语言库 138排2列5层/ [索取号:H84/D879] | 在馆 | |
| 4 | 429917 | 204299179 | 语言库209/209语言库 138排2列5层/ [索取号:H84/D879] | 在馆 | |
| 5 | 429918 | 204299188 | 语言库209/209语言库 138排2列5层/ [索取号:H84/D879] | 在馆 |